[Event "Madrid San Viator op 16th"]
[Site "Madrid"]
[Date "2011.04.17"]
[Round "4"]
[White "Garcia Dorado, Alberto"]
[Black "Gadeo Colomina, Francisco Jose"]
[Result "1-0"]
[WhiteElo "1997"]
[BlackElo "2046"]
[PlyCount "87"]
[EventDate "2011.03.27"]
[EventType "swiss"]
[EventRounds "9"]
[EventCountry "ESP"]
[SourceTitle "EXT 2012"]
[Source "ChessBase"]
[SourceDate "2011.11.24"]
[SourceVersion "1"]
[SourceVersionDate "2011.11.24"]
[SourceQuality "1"]

1. d4 d5 2. c4 c6 3. Nf3 Nf6 4. b3 Bf5 5. g3 e6 6. Bg2 h6 7. 0-0 Nbd7 8. Bb2 Be7 9. Ne1 0-0 10. Nd2 c5 11. cxd5 exd5 12. Ndf3 Rc8 13. Rc1 Re8 14. dxc5 Nxc5 15. Nd4 Bg6 16. Bh3 Ra8 17. Nf5 Bf8 18. Nd3 Nce4 19. Nd4 a6 20. Nf4 Bh7 21. e3 Bb4 22. Nf3 Bf8 23. Nd3 Ng5 24. Nxg5 hxg5 25. Bd4 Ba3 26. Rc2 Be4 27. f3 Bh7 28. Qd2 g4 29. fxg4 Ne4 30. Qe2 Bd6 31. Bg2 Qd7 32. Rcc1 Qb5 33. Rfd1 Ba3 34. Rc7 Bd6 35. Rc2 a5 36. Nf4 Qxe2 37. Rxe2 Bxf4 38. gxf4 a4 39. b4 Rac8 40. Bb2 Red8 41. Rd4 b5 42. f5 Nf6 43. Red2 g6 44. g5 1-0

[Event "Linares Anibal op 11th"]
[Site "Linares"]
[Date "2005.02.27"]
[Round "3"]
[White "Gadeo Colomina, Francisco Jose"]
[Black "Taboas Rodriguez, Daniel"]
[Result "0-1"]
[WhiteElo "2088"]
[BlackElo "2302"]
[PlyCount "74"]
[EventDate "2005.02.25"]
[EventType "swiss"]
[EventRounds "9"]
[EventCountry "ESP"]
[SourceTitle "CBM 105 Extra"]
[Source "ChessBase"]
[SourceDate "2005.05.01"]
[SourceVersion "1"]
[SourceVersionDate "2005.05.01"]
[SourceQuality "1"]

1. d4 Nf6 2. Nf3 d5 3. Bf4 c5 4. e3 Qb6 5. Qc1 Bf5 6. c3 Nbd7 7. Nh4 Be6 8. Bd3 Nh5 9. Bg3 g6 10. Nd2 Bg7 11. Ndf3 f6 12. Qd2 Bf7 13. 0-0 e6 14. Ne1 0-0 15. Nhf3 Nxg3 16. hxg3 e5 17. e4 f5 18. Nxe5 Nxe5 19. dxe5 dxe4 20. Be2 Bxe5 21. Qc1 Rad8 22. Nc2 c4 23. Ne3 Qc5 24. Rd1 a6 25. a4 Bc7 26. Rd4 Be5 27. Rd2 Bf6 28. a5 Rxd2 29. Qxd2 Rd8 30. Qe1 Bg5 31. Bf1 Bxe3 32. fxe3 g5 33. Qf2 Kg7 34. Ra4 Rd7 35. Ra1 Qb5 36. Ra3 Rd1 37. b4 cxb3 0-1

[Event "Linares Anibal op 11th"]
[Site "Linares"]
[Date "2005.02.25"]
[Round "1"]
[White "De la Paz Perdomo, Frank"]
[Black "Gadeo Colomina, Francisco Jose"]
[Result "1-0"]
[WhiteElo "2466"]
[BlackElo "2088"]
[PlyCount "40"]
[EventDate "2005.02.25"]
[EventType "swiss"]
[EventRounds "9"]
[EventCountry "ESP"]
[SourceTitle "CBM 105 Extra"]
[Source "ChessBase"]
[SourceDate "2005.05.01"]
[SourceVersion "1"]
[SourceVersionDate "2005.05.01"]
[SourceQuality "1"]

1. e4 c6 2. d4 d5 3. Nd2 dxe4 4. Nxe4 Bf5 5. Ng3 Bg6 6. h4 h6 7. f4 e6 8. Nf3 Nf6 9. Bd3 Bxd3 10. Qxd3 Bd6 11. Bd2 0-0 12. 0-0-0 c5 13. Ne4 Nxe4 14. Qxe4 Qc8 15. dxc5 Bxc5 16. Bc3 Qc6 17. Qd3 Qa6 18. Qe4 Qc6 19. Qe2 Qa6 20. Qe5 f6 1-0

[Event "Canarias en Red prel 3rd"]
[Site "Playchess.com INT"]
[Date "2004.05.05"]
[Round "4"]
[White "Frank, Detlev"]
[Black "Gadeo Colomina, Francisco Jose"]
[Result "0-1"]
[WhiteElo "2449"]
[BlackElo "2079"]
[PlyCount "74"]
[EventDate "2004.05.05"]
[EventType "swiss (blitz)"]
[EventRounds "13"]
[EventCountry "GER"]
[SourceTitle "EXT 2005"]
[Source "ChessBase"]
[SourceDate "2004.11.15"]
[SourceVersion "1"]
[SourceVersionDate "2004.11.15"]
[SourceQuality "1"]

1. e4 c6 2. Nf3 d5 3. exd5 cxd5 4. d4 Nc6 5. Nc3 Bg4 6. Be2 e6 7. 0-0 Nf6 8. Bg5 Be7 9. h3 Bh5 10. Ne5 Bxe2 11. Nxe2 Nxe5 12. dxe5 Nd7 13. Bxe7 Qxe7 14. f4 Rc8 15. c3 g6 16. Nd4 a6 17. Qb3 Nc5 18. Qc2 Ne4 19. Nf3 h5 20. Rad1 b5 21. Nd4 Kf8 22. Ne2 Qc5+ 23. Kh1 Nf2+ 24. Rxf2 Qxf2 25. Qd3 Qc5 26. Nd4 Kg7 27. Qf3 Rhd8 28. Qg3 Qe7 29. Nf3 Rc4 30. Nd4 Rdc8 31. Rd3 b4 32. cxb4 Rxb4 33. Ra3 Rxd4 34. Rxa6 Rd1+ 35. Kh2 h4 36. Qf3 Rcc1 37. g4 Rd2+ 0-1

[Event "Canarias en Red prel 3rd"]
[Site "Playchess.com INT"]
[Date "2004.05.05"]
[Round "3"]
[White "Lahtela, Silvio"]
[Black "Gadeo Colomina, Francisco Jose"]
[Result "1-0"]
[WhiteElo "2243"]
[BlackElo "2079"]
[PlyCount "91"]
[EventDate "2004.05.05"]
[EventType "swiss (blitz)"]
[EventRounds "13"]
[EventCountry "GER"]
[SourceTitle "EXT 2005"]
[Source "ChessBase"]
[SourceDate "2004.11.15"]
[SourceVersion "1"]
[SourceVersionDate "2004.11.15"]
[SourceQuality "1"]

1. d4 d5 2. c4 c6 3. Nc3 Nf6 4. Nf3 e6 5. Bg5 Be7 6. e3 0-0 7. Bd3 Nbd7 8. 0-0 dxc4 9. Bxc4 Nd5 10. Bxe7 Qxe7 11. Rc1 Nxc3 12. Rxc3 e5 13. Bb3 e4 14. Nd2 Nf6 15. f3 Be6 16. Bc2 Bd5 17. f4 Qe6 18. a3 a5 19. h3 h5 20. Qe1 Qf5 21. Qh4 a4 22. Bd1 b5 23. g4 hxg4 24. hxg4 Qh7 25. Qg3 Qg6 26. Rf2 b4 27. axb4 Rfb8 28. Rh2 Kf8 29. f5 Qg5 30. Rh8+ Ke7 31. Qe5+ Kd7 32. Rxb8 Rxb8 33. Qxb8 Qh4 34. Qb7+ Ke8 35. Qc8+ Ke7 36. Qc7+ Ke8 37. Be2 Qg3+ 38. Qxg3 Ke7 39. g5 Ne8 40. Qe5+ Kf8 41. f6 gxf6 42. gxf6 Be6 43. Rxc6 Kg8 44. Rxe6 fxe6 45. Qg5+ Kf7 46. Bh5+ 1-0

[Event "Mancha Real schev"]
[Site "Mancha Real"]
[Date "2002.08.09"]
[Round "8"]
[White "Gadeo Colomina, Francisco Jose"]
[Black "Martos Exposito, Manuel"]
[Result "0-1"]
[WhiteElo "2147"]
[BlackElo "2121"]
[PlyCount "74"]
[EventDate "2002.08.02"]
[EventType "schev"]
[EventRounds "9"]
[EventCountry "ESP"]
[SourceTitle "CBM 089 Extra"]
[Source "ChessBase"]
[SourceDate "2002.09.10"]
[SourceVersion "2"]
[SourceVersionDate "2002.09.10"]
[SourceQuality "1"]

1. e4 e6 2. d4 b6 3. a3 Bb7 4. Nc3 g6 5. Nf3 Bg7 6. Bd3 d6 7. 0-0 Nd7 8. Bg5 Ne7 9. Re1 a6 10. Ne2 h6 11. Bc1 g5 12. h3 Ng6 13. Ng3 Nf4 14. Bxf4 gxf4 15. Nh5 Rg8 16. e5 Bf8 17. Nxf4 dxe5 18. d5 Qf6 19. Nh5 Qh8 20. dxe6 fxe6 21. Be4 Bxe4 22. Rxe4 Bd6 23. b4 0-0-0 24. Qe1 Kb7 25. c4 c5 26. Rb1 Ka7 27. Rd1 Bc7 28. Rb1 Qh7 29. a4 Qg6 30. Ng3 Nf6 31. Nh4 Qh7 32. bxc5 bxc5 33. Rb3 Rxg3 34. fxg3 Qxe4 35. Re3 Rd1 36. Kf2 Qd4 37. Nf3 Ne4+ 0-1

[Event "Mancha Real schev"]
[Site "Mancha Real"]
[Date "2002.08.03"]
[Round "2"]
[White "Gadeo Colomina, Francisco Jose"]
[Black "Fernandez Siles, Luis"]
[Result "0-1"]
[WhiteElo "2147"]
[BlackElo "2236"]
[PlyCount "96"]
[EventDate "2002.08.02"]
[EventType "schev"]
[EventRounds "9"]
[EventCountry "ESP"]
[SourceTitle "CBM 089 Extra"]
[Source "ChessBase"]
[SourceDate "2002.09.10"]
[SourceVersion "2"]
[SourceVersionDate "2002.09.10"]
[SourceQuality "1"]

1. e4 c5 2. Nf3 Nc6 3. d4 cxd4 4. Nxd4 Nf6 5. Nc3 d6 6. Be2 g6 7. 0-0 Bg7 8. Nb3 0-0 9. Be3 a6 10. f4 b5 11. Bf3 Bb7 12. Qd2 Qc7 13. Qf2 Rac8 14. Rad1 Qb8 15. g4 Nb4 16. g5 Ne8 17. a3 Rxc3 18. bxc3 Na2 19. Qg2 Nxc3 20. Rd3 Qa8 21. Nd2 Na4 22. Nb3 Nb2 23. Na5 Nxd3 24. cxd3 Bc3 25. Nxb7 Qxb7 26. Qa2 a5 27. Bd2 Qb6+ 28. Kg2 Bxd2 29. Qxd2 Ng7 30. h4 e5 31. h5 exf4 32. Qxf4 Ne6 33. Qf6 Qe3 34. hxg6 hxg6 35. Rb1 Rb8 36. Qe7 Qxg5+ 37. Qxg5 Nxg5 38. Bd1 Ne6 39. Kf2 Kf8 40. Ke3 Ke7 41. d4 Rh8 42. Bg4 Rb8 43. Be2 b4 44. Bc4 Nd8 45. Bd5 Ne6 46. Bc4 Nc7 47. Kd2 d5 48. exd5 Kd6 0-1

[Event "Jaen-ch"]
[Site "Linares"]
[Date "1997.??.??"]
[Round "3"]
[White "Millan Urrutia, Juan Antonio"]
[Black "Gadeo Colomina, Francisco Jose"]
[Result "1/2-1/2"]
[WhiteElo "1915"]
[BlackElo "1770"]
[PlyCount "128"]
[EventDate "1997.12.??"]
[EventType "swiss"]
[EventRounds "7"]
[EventCountry "ESP"]
[SourceTitle "EXT 2000"]
[Source "ChessBase"]
[SourceDate "1999.11.16"]
[SourceVersion "1"]
[SourceVersionDate "1999.11.16"]
[SourceQuality "1"]

1. Nf3 Nf6 2. c4 e6 3. b3 d5 4. Bb2 Be7 5. e3 c5 6. Be2 Nc6 7. d4 0-0 8. 0-0 b6 9. Nbd2 Bb7 10. a3 cxd4 11. exd4 dxc4 12. bxc4 Qc7 13. Rc1 Rfd8 14. Qb3 Rac8 15. h3 Qf4 16. Rfd1 Rd7 17. g3 Qh6 18. Bf1 Na5 19. Qe3 Qxe3 20. fxe3 Rdc7 21. Kf2 Ne4+ 22. Nxe4 Bxe4 23. Nd2 Bb7 24. Bd3 Ba6 25. d5 exd5 26. Bf5 Rd8 27. cxd5 Rxc1 28. Bxc1 Rxd5 29. Be4 Rd8 30. Bf3 Bc8 31. h4 Bb7 32. Be2 Bf6 33. Nf3 Rxd1 34. Bxd1 Nc6 35. Bd2 Ne5 36. Nxe5 Bxe5 37. Bb4 Bd5 38. Bc2 g6 39. Be7 Bg7 40. g4 Bf8 41. Bxf8 Kxf8 42. g5 Ke7 43. e4 Bc4 44. Ke3 Kd6 45. Kd4 Ba2 46. e5+ Ke6 47. Be4 b5 48. Bc6 Kf5 49. Bxb5 Kg4 50. Ke4 Kxh4 51. Kf4 Bd5 52. Bf1 Bc6 53. Bc4 Be8 54. Bd5 Kh3 55. Bc4 Kh4 56. a4 a5 57. Bd5 Kh3 58. e6 fxe6 59. Bxe6+ Kh4 60. Bg8 Bxa4 61. Bxh7 Bc2 62. Bg8 a4 63. Bf7 Bb3 64. Bxg6 a3 1/2-1/2